000 00872nas a2200277 4500
001 BR8301886
003 BR-BrBNA
005 20231205085523.0
007 ta
008 230509b bl.|||p| |||| 00| 00por d
040 _aBR-BrBNA
_bpor
_cBiblioteca Nacional de Agricultura
041 _a(Pt)
072 _aH20
100 1 _aSinigaglia, C.
100 1 _aRamos, R.S.
245 1 _aAs doencas da cultura do alho [Allium sativum, ferrugem, mancha purpura, podridao da raiz, podridao branca, podridao bacteriana, mancha purpura]
650 _aALHO
650 _aFERRUGEM
650 _aMANCHA PURPURA
650 _aPODRIDAO DA RAIZ
650 _aPODRIDAO BRANCA
650 _aPODRIDAO BACTERIANA
773 0 _tCorreio Agricola (Brazil)
_xISSN 0100-3909
_g(1983), (no. 1) p. 514-515
_wBR8301886
909 _a202311
_bLúcia
_c55
_dLúcia Elande
942 _2AGRIS
_n0
_cANA
999 _c111955
_d111955